000
00196 a2200097 4500
001
9347
100
_a
Fisher, S N
245
_a
The middle east:
260
_a
_b
Routledge
_c
090
_c
7512
_d
7512
942
_a
NUST-CAE
_c
M
_c
34170
999
_c
244420
_d
244420